000 00355nam a22001337a 4500
005 20250901165805.0
008 250320b |||||||| |||| 00| 0 eng d
020 _a9789966102379
050 _aPL 8704 .N93 2016
245 _aMaisha na vigeugeu
_cNyamohanga Eradema Joel
260 _aNairobi:
_bKLB,
_c2016.
300 _aiv, 272pages:
_c18 cm.
942 _2lcc
999 _c9273
_d9273